| 000 | 00473nam a22001697a 4500 | ||
|---|---|---|---|
| 999 |
_c5658 _d5658 |
||
| 003 | OSt | ||
| 005 | 20190108171243.0 | ||
| 008 | 190108b ||||| |||| 00| 0 eng d | ||
| 040 | _cDLC | ||
| 082 |
_a266 _bB154H |
||
| 100 | _aBailey, Faith Coxe. | ||
| 245 |
_aHigh Adventure : _bGoleden Daybreak by Tom Westwood / _cFaith Coxe Bailey. |
||
| 260 |
_aWestchester, Illinois : _bGood News Publishers , _cc1960. |
||
| 300 | _a95 p.: | ||
| 650 | _aSecond Advent. | ||
| 942 |
_2ddc _cBK |
||